000 01013nas a2200301 4500
001 BR8500255
003 BR-BrBNA
005 20231205090056.0
007 ta
008 230509b bl.|||p| |||| 00| 00por d
040 _aBR-BrBNA
_bpor
_cBiblioteca Nacional de Agricultura
041 _a(Pt)
072 _aL73
100 1 _aModena, C.M.
100 1 _aSilva, J.A. da
100 1 _aGouveia, A.M.G.
100 1 _aViana, F.C.
100 1 _aAzevedo, N.A. de
100 1 _aRehfeld, O.A.M.
245 1 _aLeucose enzootica bovina, 1: prevalencia em rebanhos de alta linhagem no estado de Minas Gerais [Brasil]
246 1 _aEnzootic bovine leukosis, 1: incidence in high-lineage cattle of the state of Minas Gerais [Brazil]
650 _aBOVINO
650 _aLEUCOSE
650 _aMINAS GERAIS
773 0 _tArquivo Brasileiro de Medicina Veterinaria e Zootecnia (Brazil)
_xISSN 0102-0935
_g(Feb 1984), v. 36(1) p. 39-45
_wBR8500255
909 _a202311
_bLúcia
_c55
_dLúcia Elande
942 _2AGRIS
_n0
_cANA
999 _c115981
_d115981